Jeu de mots - Ils commencent par "pol" - Statistiques

Statistiques générales
  • Ce quiz a été pris 176 fois
  • Le résultat moyen est 9 sur 20
Statistiques - réponses
Hint Réponse % Correct
Bien éduqué. Poli
100%
Il court notamment après les voleurs. Policier
95%
Genre de romans. Polar
91%
Peut être un vêtement, qualifier un ours ou bien une étoile. Polaire
87%
Permet de prendre des photos au développement quasi instantané. Polaroïd
84%
Mets d’origine italienne, à base de semoule de maïs et d’eau. Polenta
81%
Peut se jouer ou bien se porter. Polo
78%
Objectif de pilote de Formule 1 lors des essais. Pole position
75%
Il permet la bataille ou bien de dormir. Polochon
62%
Il est un secret mais pas vraiment. Polichinelle
48%
Vif débat qui fait monter le ton. Polémique
38%
Plaine conquise sur la mer visible, par exemple, aux Pays-Bas. Polder
31%
Cavalier polonais qui servait dans l’armée française aux xviie et xviiie siècles. Polack
21%
Signe positif ou négatif par lequel est désigné l’un ou l’autre pôle d’un générateur électrique. Polarité
18%
Petit mammifère rongeur nocturne d’Eurasie ou d’Amérique du Nord aussi appelé "écureuil volant". Polatouche
6%
Dans la grèce antique, il est un magistrat chargé, selon les cités, de l’administration de la guerre. Polémarque
3%
Navire de la Méditerranée gréé de voiles carrées. Polacre
2%
Instrument qui sert à mesurer la rotation du plan de polarisation de la lumière. Polarimètre
2%
Branche de la théorie des relations internationales mettant l'accent sur la compréhension des conflits, de leur origine et de leur fonctionnement. Polémologie
2%
Dépression à fond plat fermée par des bords rocheux. Poljé
1%
Aucun quiz correspondant
Distribution des résultats
% des personnes avec chaque résultat
Percentile par nombre de réponses
Votre historique - résultats
Vous n’avez pas pris ce quiz